Регионална библиотека "Любен Каравелов" - Русе

666 - Знакът на звяра (Запис номер 511598)

MARC детайли
000 -Лидер
Лидер 01277nam a2200301 c 4500
003 - Код на организацията, давaща контролен номер
Код на организацията, даваща контролен номер BLK
005 - Дата и час на последна редакция
Дата и час на последна редакция 20250412110041.0
008 - Елементи от данни с фиксирана дължина
Елементи с фиксирана дължина 180408b bul|||||r ||||||| ||bul||
020 ## - Международен стандартен номер на книга ISBN
ISBN 9786197624472
040 ## - Източник на каталожния запис
Код на библиотеката BLK
041 ## - Код за език
Език Български
Език за КДБФ Български
080 ## - УДК
УДК текст Българска литература
УДК код 821.163.2
УДК – код + определител 821.163.2-31:791.632
080 ## - УДК
УДК текст Създаване на сценарий за филм
УДК код 791.632
УДК – код + определител 791.632
9 (RLIN) 435173
084 ## - Класификационен индекс по друга класификация
Авторски знак Георгиев - Г 37
100 1# - Редна дума - Автор
Автор Георгиев, Людмил Руменов
R(LIN) 260230
245 10 - Сведения за заглавието
Заглавие 666 - Знакът на звяра
Подзаглавни данни Проект за телевизионен сериал от 6 епизода : по мотиви от романа на Людмил Георгиев "Мръсна задача"
Авторска отговорност сценарий Людмил Руменов Георгиев, Марин Дамянов
257 ## - Страна на издаване
Страна на създаване/издаване България
260 ## - Област на издателските данни
Име на издателя Атеа Букс
Година на издаване 2024
9 (RLIN) 215836
Място на издаване София
300 ## - Физическа характеристика
Брой страници 328 с.
Размер 22 см
380 ## - Жанр
Жанр Худож. лит.
700 1# - Други автори (авторска отговорност)
9 (RLIN) 58223
Друг автор Дамянов, Марин
856 4# - Електронен адрес и достъп
Електронен формат pdf - файл
856 4# - Електронен адрес и достъп
Електронен формат pdf - файл
942 ## - АРТИКУЛИ
Вид на библиотечния документ Книги
Скрит в OPAC Не
Koha issues (borrowed), all copies 25
999 ## - СИСТЕМНИ КОНТРОЛНИ НОМЕРА
Koha biblionumber 511598
Koha biblioitemnumber 511598
999 ## - СИСТЕМНИ КОНТРОЛНИ НОМЕРА
Koha biblioitemnumber 93510
944 ## - СЪЗДАВАНЕ И РЕДАКЦИЯ на ЗАПИСА
Създаване/Редакция
Дата на регистрацията/редакция Нора Радева
Служител, извършил регистрацията/редакцията 30546
Номер на служител Ренета Константинова
Наличности
Код за отписване Код за изгубен артикул Източник на класификационната схема Код за повреда Код за отдаване Артикулен № Име на библиотеката - собственик Име на библиотеката, в която се намира в момента Статус (Текущо местоположение) Дата на вписване в системата Местоположение - отдел Цена в лева Инвентарен номер Систематично азбучна сигнатура Баркод Цена в евро Служебен тип на артикула
  Не е изгубен Universal Decimal Classification Не е повреден заемане за дома 943848 Регионална библиотека "Любен Каравелов" Русе Регионална библиотека "Любен Каравелов" Русе Заемна - подръчен фонд 2024-06-11 Заемна - подръчен фонд 16.00 120000908958 821.163.2-31/Г 37 Л 120000908958 8.18 Книги
  Не е изгубен Universal Decimal Classification Не е повреден заемане за дома 943849 Регионална библиотека "Любен Каравелов" Русе Регионална библиотека "Любен Каравелов" Русе Заемна - подръчен фонд 2024-06-11 Заемна - подръчен фонд 16.00 120000908959 821.163.2-31/Г 37 Л 120000908959 8.18 Книги
Vip Innovations Ltd, Rousse, Bulgaria 2025